000 00347 a2200109 4500
001 ART_10369
005 20260410161654.0
008 260409a
245 1 0 _aLa productividad del trabajador del conocimiento
100 1 _aDrucker, Peter Ferdinand
773 0 _tHarvard Deusto Business Review
_g- NÂș 98 (sep./oct. 2000)
_wREV521
999 _c14557
_d14557